| 000 | 00827cam a22002411 4500 | ||
|---|---|---|---|
| 001 | 000017374 | ||
| 005 | 20200929165108.0 | ||
| 008 | 751016s1969 fr 000 0 spa d | ||
| 040 |
_aDO-SdBNP _cViU _dDLC _dBNPHU |
||
| 042 | _apremarc | ||
| 082 |
_aU863.44 _bA524L |
||
| 100 | 1 |
_aAmorim, Enrique, _d1900-1960. _938040 |
|
| 245 | 1 | 3 |
_aEl ladero y varios cuentos / _cEnrique Amorim ; recogidos y presentados por Claude Couffon. |
| 260 |
_aParis : _bCentre de recherches hispaniques, _c1969. |
||
| 300 |
_axii, 81, [2] p. ; _c17 cm. |
||
| 490 | 1 |
_aPages oubliées, pages retrouvées _v4 |
|
| 650 | 4 |
_aCuentos uruguayos _98971 |
|
| 650 | 4 |
_aLiteratura uruguaya _93054 |
|
| 700 | 1 |
_aCouffon, Claude, _eed. _926662 |
|
| 830 | 0 |
_aPages oubliées, pages retrouvées ; _v4 _938041 |
|
| 910 | _aCatalogación derivada | ||
| 049 | _aBNGR | ||
| 999 |
_c16899 _d16899 |
||